Score 0/20 Timer 02:00
0 Plays Today
Clue 4-Letter Word % Correct
An organized group of street thugsGANG
95.3%
An armored war machineTANK
95.2%
Reverent style of country-western music, Honky-___TONK
94.3%
Orange powdered drink popularized by astronautsTANG
93%
A singular work of musicSONG
91.3%
A guided visit🎃TOUR🎃
91%
How to move lemonade into a glassPOUR
90.9%
2008-14 FX show about a motorcycle club, '___ of Anarchy'SONS
90.5%
1970s game show featuring Gene Gene the Dancing Machine, 'The ___ Show'GONG
89.7%
Without economic strengthPOOR
86%
Clue 4-Letter Word % Correct
Wal- or Kwik-E-, e.g.MART
84.7%
Upright sail supporterMAST
80.4%
Having a biting or sharp tasteTART
77.7%
To grind something into pulp
💀It was a graveyard smash💀
🎃MASH🎃
77.2%
A wrongful action leading to a civil lawsuitTORT
71.1%
To persuade someone about the quality of a productTOUT
69.7%
One who would wear a tonsure hairstyle MONK
55.2%
Iberian conqueror, circa the 8th CenturyMOOR
50.6%
An informal term for a moron or foolMOOK
42.2%
First major battle for the British in WWI🎃MONS🎃
35.3%

Today's Daily Dose

Word Ladder
Silence

Get the Picture
Philly Team Facts

You're not logged in!

Compare scores with friends on all Sporcle quizzes.
OR
Log In

Sporcle TV

Today on Sporcle TV


Watch our educational content, quiz creation guides, and fun videos on Sporcle TV.

Show Comments

Extras

Top Quizzes Today


Score Distribution

Your Account Isn't Verified!

In order to create a playlist on Sporcle, you need to verify the email address you used during registration. Go to your Sporcle Settings to finish the process.

Report this User

Report this user for behavior that violates our Community Guidelines.

Details: